000 00541 a2200205 4500
005 20260129103012.0
008 260128b |||||||| |||| 00| 0 eng d
020 _a9789356814905
_c$ 625.00
040 _aMAIN
082 _a576
_bP881G
100 _aPrabhanshu Kumar
245 _aGATE 2026: Life science: Microbiology
260 _bG K Publications
_c2026
_aNew Delhi
300 _a v.
650 _aLife Science
650 _aMicrobiology
650 _aGATE 2026 -Microbiology
700 _aChandra, Pranjanl
942 _cBK
999 _c395147
_d395147